000 00569cam a2200181 4500500
005 20260329005715.0
041 _afre
042 _adc
100 1 0 _aEltchaninoff, Michel
_eauthor
245 0 0 _aDaniel Dennett, la révolution de la conscience
260 _c2024.
500 _a40
690 _aConscience
690 _aDaniel Dennett
690 _aLev Fraenckel
786 0 _nPhilosophie magazine | 182 | 9 | 2024-09-01 | p. 55-55 | 1951-1787
856 4 1 _uhttps://shs.cairn.info/magazine-philosophie-magazine-2024-9-page-55?lang=fr&redirect-ssocas=7080
999 _c1845817
_d1845817